000 00278nam a2200109Ia 4500
001 588695
005 20250717120836.0
008 250717s9999 xx 000 0 und d
245 0 _aY-4 SELÇUKLU HANIMLARI
_cM.ALİ HACIGÖKMEN
260 _bÇİZGİ YAYINLARI
_c2017
300 _b95
999 _c588695
_d588695